00847nam a2200229 a 450000100100000000500170001000800410002702000180006804000250008608200200011110000240013124500800015526000700023530000280030549000120033350000770034550500880042265000300051065000320054070000330057283000120060500004214320201002035951.0131114s2012 pr r 000 p spa d a9780983007418 aDO-SdBNPbspacBNPHU aPR861.44bS127e1 aSáez Burgos, Juan13aEl gato y su violín /cJuan Sáez Burgos ; editor Reynaldo Marcos Padua. aSan Juan, Puerto Rico :bLos Libros de la IguanabGuajana,c2012. a112 p. :bil. ;c22 cm.1 aGuajana aIncluye datos biográficos del autor en la solapa de la contracubierta.0 tI. El gato y su violíntII. CotidianastIII. Poemas en ventanastIV. Otros poemas 4aPoesía puertorriqueña 4aLiteratura puertorriqueña12aPadua, Reynaldo Marcos,eed. 0aGuajana